00455nam a2200169Ia 4500999001700000003000400017005001700021008004100038040001800079082001800097100002900115245004000144260004000184300000900224650001000233942004200243 c16231d16231OSt20200606115902.0190216s9999||||xx |||||||||||||| ||und|| cMESKC library a891.43bNEE/K aNeerad, Ramesh Gupt9424 0aKachchi Mitti /cRamesh Gupt Neerad bAgarwal Vidyalaya,aChennai:c1998. a100p aHindi cBK2ddch891.43iNEE/Kk891.43mNEE/K